000 00642nam a2200205Ia 4500
003 OSt
005 20230721094437.0
008 210716s1999 xx 000 0 und d
040 _cAIMIT LIBRARY
041 _aeng
082 _a004.81
_21
_bUPTE
245 _aO level programming:
_bmodule ii personal computer software /
250 _a1st ed.
260 _aLucknow :
_bUptec Computer Consultancy Ltd ,
_c1999.
300 _axxiv,330p. ;
_bPB
_c27 cm.
650 _aComputer appreciation and MS DOS
_9127998
650 _aDisk management in DOS
_9127999
650 _aDocument enhancement
_9128000
942 _2ddc
_cBK
_e1st ed.
_k004.81 UPTE
999 _c183883
_d183883